| 000 | 004940000a22001810004500 | ||
|---|---|---|---|
| 020 | _a0-226-89688-9 | ||
| 041 | 0 | _aENG | |
| 082 | 0 | 4 | _aG 487.4 W663h |
| 100 | 1 | _aWikgren, Allen | |
| 245 | 1 | 0 | _aHellenistic greek texts / Allen Wikgren, Ernest Cadman Colwell, Ralph Marcus |
| 260 | _aChicago : University of Chicago | ||
| 300 | _a275 Pág. | ||
| 001 | 13956 | ||
| 942 | _cBK | ||
| 999 |
_c42885 _d42885 |
||
| 336 |
_atexto _btxt _2rdacontent |
||
| 337 |
_2rdamedia _asin mediación _bn |
||
| 338 |
_2rdacarrier _avolumen _bnc |
||